000 01123naa a22003017a 4500
001 BR7803361
003 BR-BrBNA
005 20240918174109.0
007 ta
008 230509b bl.||||| |||| 00| 0 por d
040 _aBR-BrBNA
_bpor
_cBiblioteca Nacional de Agricultura
041 _a(En)
072 _aP05
_b/GZ53
090 _aP05 BR7803361
100 1 _aWagener, K.
100 1 _aInden, P.
111 1 _a1. Seminario sobre Energia de Biomassas no Nordeste
_cFortaleza, CE (Brazil)
_d15 Aug 1978
245 1 _aMariculture on land: production of biofuel from marine phytoplancton [recurso energetico, biomassa, mar, metanol, combustivel]
260 3 _aFortaleza, CE (Brasil):
_c1978.
500 _aAnais do 1. Seminario sobre Energia de Biomassas no Nordeste Fortaleza, CE (Brasil): 1978. p. 79-86 (BR7803361-AM)P05
650 _aBIOMASSA
650 _aMAR
650 _aMETANOL
650 _aCOMBUSTIVEL
773 0 _tAnais do 1. Seminario sobre Energia de Biomassas no Nordeste
_wP05 BR7803361
_gFortaleza, CE (Brasil), 1978. p. 79-86
909 _a202404
_bLucia
_c55
_dLucia Elande
942 _cAM
_2AGRIS
999 _c308898
_d308898